000 00493nam a2200181Ia 4500
005 20250326125737.0
008 250326s9999 xx 000 0 und d
037 _aTextbook
040 _aFMSL
_beng
_cFMSL
041 _aeng
_2eng
084 _aX:5.1 N0
_qFMSL
100 _aRosenthal M S
_9739596
245 0 _aTechniques of international trade
_cRosenthal M S
260 _aNY
_bNY, McGraw-Hill
_c1950
300 _a554p
942 _cTB
_hX:5.1 N0
999 _c1279375
_d1279375